[Event "23rd Dubai Open 2023"]
[Site "Dubai UAE"]
[Date "2023.06.01"]
[Round "6.18"]
[White "Chanda, Sandipan"]
[Black "Iskandarov, Misratdin"]
[Result "0-1"]
[WhiteTitle "GM"]
[BlackTitle "GM"]
[WhiteElo "2460"]
[BlackElo "2577"]
[WhiteFideId "5004225"]
[BlackFideId "13400312"]
[EventDate "2023.05.27"]

1. d4 Nf6 2. c4 g6 3. Nc3 d5 4. Nf3 Bg7 5. Qb3 dxc4 6. Qxc4 Be6 7. Qa4+ Bd7 8.
Qa3 Bc6 9. e3 Nbd7 10. Be2 O-O 11. O-O e6 12. Rd1 Qb8 13. Bd2 a6 14. Rac1 b5 15.
Nb1 Bd5 16. Ba5 Rc8 17. Nbd2 c6 18. b4 e5 19. Nxe5 Nxe5 20. dxe5 Qxe5 21. Bf3
Qe6 22. Bxd5 cxd5 23. Bc7 d4 24. exd4 Nd5 25. Re1 Qg4 26. Ba5 Rxc1 27. Qxc1 Rc8
28. Qd1 Qxd4 29. Ne4 Qxd1 30. Rxd1 Rc4 31. g3 Rd4 32. Rxd4 Bxd4 33. Kf1 f5 34.
Nc5 Bxc5 35. bxc5 Kf7 36. Bd2 Ke6 37. Ke2 Ne7 38. Kf3 Nc6 39. Kf4 Ne5 40. Be3 h6
41. h4 Nd3+ 42. Kf3 h5 43. Bd4 Kd5 44. Ke3 Nxc5 45. Bc3 Kc4 46. Ba5 b4 47. Kf4
Ne4 48. f3 Nc3 49. Bd8 Nxa2 50. Be7 Nc3 51. Kg5 a5 52. Kxg6 a4 53. g4 fxg4 54.
fxg4 hxg4 0-1

[Event "23rd Dubai Open 2023"]
[Site "Dubai UAE"]
[Date "2023.06.01"]
[Round "6.19"]
[White "Mchedlishvili, Mikheil"]
[Black "Anuj, Shrivatri"]
[Result "0-1"]
[WhiteTitle "GM"]
[BlackTitle "IM"]
[WhiteElo "2553"]
[BlackElo "2404"]
[WhiteFideId "13600966"]
[BlackFideId "35070924"]
[EventDate "2023.05.27"]

1. d4 Nf6 2. c4 e6 3. Nf3 d5 4. g3 Bb4+ 5. Bd2 a5 6. Bg2 O-O 7. Qc1 Be7 8. O-O
Nbd7 9. Rd1 c6 10. Bf4 a4 11. a3 h6 12. Ne5 Nxe5 13. Bxe5 Nd7 14. Bf4 g5 15. Bd2
f5 16. Bb4 Nf6 17. Nd2 g4 18. Nb1 Kg7 19. Nc3 Bd7 20. Qc2 b5 21. cxd5 cxd5 22.
Na2 Rc8 23. Qd2 Rc4 24. Rac1 Re8 25. Qe3 Qb6 26. Bxe7 Rxe7 27. Nb4 Re8 28. Qd2
Rec8 29. e3 Qa5 30. Qe1 Be8 31. Qf1 Nd7 32. Qe1 Bf7 33. Bf1 Nf6 34. Bg2 h5 35.
Ra1 Rh8 36. Nd3 Qc7 37. Rab1 h4 38. b3 axb3 39. Rxb3 Be8 40. Rbb1 Bd7 41. Ne5
Ra8 42. Bf1 Rc3 43. Bxb5 Bxb5 44. Rxb5 Rcxa3 45. Rdb1 R8a7 46. gxh4 Ne4 47. Rb6
Ra2 48. R6b2 Nc3 49. Rxa2 Rxa2 50. Rb3 Rc2 51. Nd3 Qc4 52. Rb7+ Kh6 53. Nf4 Ne4
54. Rb1 Nxf2 55. Qb4 Qxb4 56. Rxb4 Nh3+ 57. Nxh3 gxh3 58. Rb6 Kh5 59. Rxe6 Rg2+
60. Kh1 Re2 61. Kg1 Rg2+ 62. Kh1 Kxh4 63. Re5 Kg4 64. Rxd5 Rb2 65. Kg1 f4 66.
Kf1 Kf3 0-1

[Event "23rd Dubai Open 2023"]
[Site "Dubai UAE"]
[Date "2023.06.01"]
[Round "6.20"]
[White "Gharibyan, Mamikon"]
[Black "Gavrilescu, David"]
[Result "1/2-1/2"]
[WhiteTitle "IM"]
[BlackTitle "GM"]
[WhiteElo "2500"]
[BlackElo "2535"]
[WhiteFideId "13308300"]
[BlackFideId "1227190"]
[EventDate "2023.05.27"]

1. d4 Nf6 2. c4 e6 3. Bg5 Bb4+ 4. Nd2 d5 5. Nf3 dxc4 6. a3 Bxd2+ 7. Qxd2 b5 8.
a4 c6 9. g3 Bb7 10. Bg2 a6 11. Ne5 Nbd7 12. Nxd7 Qxd7 13. Bxf6 gxf6 14. O-O O-O
15. Qf4 Kg7 16. Ra3 Rad8 17. e3 Rg8 18. Qg4+ Kh8 19. Qf3 Kg7 20. axb5 axb5 21.
Qg4+ Kh8 22. Qh4 Kg7 23. Be4 h6 24. Qg4+ Kf8 25. Qh5 Kg7 26. Qg4+ Kf8 27. Qh5
Kg7 28. Qg4+ 1/2-1/2

[Event "23rd Dubai Open 2023"]
[Site "Dubai UAE"]
[Date "2023.06.01"]
[Round "6.21"]
[White "Karthik, Venkataraman"]
[Black "Mamatov, Melis"]
[Result "1-0"]
[WhiteTitle "GM"]
[BlackTitle "FM"]
[WhiteElo "2528"]
[BlackElo "2399"]
[WhiteFideId "25006479"]
[BlackFideId "13800027"]
[EventDate "2023.05.27"]

1. e4 e5 2. Nf3 Nc6 3. Bb5 a6 4. Ba4 Nf6 5. O-O Be7 6. d3 d6 7. c3 O-O 8. Re1 b5
9. Bc2 Re8 10. d4 exd4 11. cxd4 Nb4 12. Bb3 c5 13. a3 Nc6 14. d5 Ne5 15. h3
Nxf3+ 16. Qxf3 Nd7 17. a4 Rb8 18. axb5 axb5 19. Nc3 Bg5 20. Qg3 Bxc1 21. Raxc1
Qf6 22. Bc2 c4 23. Qe3 g5 24. Ne2 Nc5 25. Ng3 Qxb2 26. Qxg5+ Qg7 27. Qh4 Kh8 28.
e5 dxe5 29. Nh5 Qh6 30. Rxe5 Bg4 31. Rxe8+ Rxe8 32. Qf6+ Qxf6 33. Nxf6 Bd7 34.
Nxe8 Bxe8 35. Ra1 Kg7 36. Ra8 Bd7 37. Ra7 Kf6 38. Rc7 Ke5 39. Rxc5 Kd6 40. Rc6+
Bxc6 41. dxc6 Kxc6 42. Bxh7 1-0

[Event "23rd Dubai Open 2023"]
[Site "Dubai UAE"]
[Date "2023.06.01"]
[Round "6.22"]
[White "Mosadeghpour, Masoud"]
[Black "Miladinovic, Igor"]
[Result "1-0"]
[WhiteTitle "GM"]
[BlackTitle "GM"]
[WhiteElo "2479"]
[BlackElo "2507"]
[WhiteFideId "12519278"]
[BlackFideId "4203380"]
[EventDate "2023.05.27"]

1. e4 c5 2. Nf3 Nc6 3. c3 Nf6 4. e5 Nd5 5. d4 cxd4 6. cxd4 d6 7. Bc4 Nb6 8. Bb3
e6 9. Qe2 dxe5 10. dxe5 Nd4 11. Nxd4 Qxd4 12. O-O Bd7 13. Rd1 Qh4 14. Nc3 Be7
15. Ne4 Bc6 16. Rd4 Kf8 17. Bxe6 Rd8 18. Qf3 f6 19. Rxd8+ Bxd8 20. Bf4 Bxe4 21.
Qxe4 fxe5 22. Qxe5 Qf6 23. Qe4 Be7 24. Re1 1-0

[Event "23rd Dubai Open 2023"]
[Site "Dubai UAE"]
[Date "2023.06.01"]
[Round "6.23"]
[White "Davtyan, Artur"]
[Black "Movahed, Sina"]
[Result "1-0"]
[WhiteTitle "IM"]
[BlackTitle "FM"]
[WhiteElo "2506"]
[BlackElo "2359"]
[WhiteFideId "13308327"]
[BlackFideId "42520835"]
[EventDate "2023.05.27"]

1. e4 c5 2. Nf3 d6 3. d4 cxd4 4. Nxd4 Nf6 5. Nc3 a6 6. Bg5 e6 7. f4 Be7 8. Qf3
Qc7 9. O-O-O Nbd7 10. g4 h6 11. Qh3 Rg8 12. Bxf6 Nxf6 13. g5 hxg5 14. fxg5 Nd7
15. Nxe6 fxe6 16. Qxe6 Rf8 17. Nd5 Qd8 18. Be2 Ne5 19. Bh5+ Nf7 20. Qg6 Kd7 21.
Qxg7 Bxg5+ 22. Kb1 Bh6 23. Qh7 Qg5 24. Bxf7 Qg7 25. Qxg7 Bxg7 26. Rdf1 Kc6 27.
h4 Rh8 28. Ne7+ Kb6 29. Bd5 Rb8 30. Rf7 Bd4 31. c3 Be3 32. Bb3 Bc5 33. h5 Rh6
34. Rf8 Kc7 35. Nd5+ Kc6 36. Ne7+ Kc7 37. Nd5+ Kc6 38. a3 Ba7 39. Rf7 Be6 40.
Nb4+ Kb5 41. Bxe6 Rxe6 42. h6 Kc4 43. h7 Ree8 44. Kc2 Bc5 45. a4 1-0

[Event "23rd Dubai Open 2023"]
[Site "Dubai UAE"]
[Date "2023.06.01"]
[Round "6.24"]
[White "Hesham, Abdelrahman"]
[Black "Sviridov, Valery"]
[Result "0-1"]
[WhiteTitle "GM"]
[WhiteElo "2409"]
[BlackElo "2545"]
[WhiteFideId "10600183"]
[BlackFideId "4120680"]
[EventDate "2023.05.27"]

1. d4 g6 2. c4 Bg7 3. e4 d6 4. Nc3 e5 5. d5 a5 6. h4 Nf6 7. Be2 Na6 8. h5 Nc5 9.
Qc2 O-O 10. Bg5 Qe8 11. h6 Bh8 12. Rh4 c6 13. Nf3 Bd7 14. Nd2 cxd5 15. cxd5 b5
16. Nd1 Qb8 17. Qc3 Ne8 18. Qg3 Bf6 19. Rc1 Qd8 20. Bxf6 Nxf6 21. Rxc5 dxc5 22.
Qxe5 Ne8 23. Qg3 f6 24. Ne3 Qe7 25. f4 Nd6 26. e5 Rae8 27. Nf3 Kh8 28. Rh1 c4
29. Kd1 Ne4 30. Qe1 Qc5 31. Qg1 c3 32. Bd3 Ng3 33. Rh4 cxb2 34. Kd2 Rc8 35. Qd1
Qc3# 0-1

[Event "23rd Dubai Open 2023"]
[Site "Dubai UAE"]
[Date "2023.06.01"]
[Round "6.25"]
[White "Romanov, Evgeny"]
[Black "Bai, Adelard"]
[Result "1-0"]
[WhiteTitle "GM"]
[BlackTitle "FM"]
[WhiteElo "2578"]
[BlackElo "2409"]
[WhiteFideId "4148843"]
[BlackFideId "16301188"]
[EventDate "2023.05.27"]

1. e4 e5 2. Nf3 Nc6 3. Bb5 a6 4. Ba4 Nf6 5. O-O Be7 6. d3 d6 7. c3 O-O 8. Re1
Re8 9. Nbd2 Bf8 10. d4 exd4 11. cxd4 b5 12. Bb3 Na5 13. Bc2 c5 14. d5 c4 15. b4
cxb3 16. axb3 Bg4 17. h3 Bxf3 18. Nxf3 g6 19. Bg5 Bg7 20. Qd2 Nb7 21. Qf4 h6 22.
Bxh6 Nh5 23. Qd2 Bxa1 24. Rxa1 Rc8 25. Nd4 Qf6 26. g4 Rxc2 27. Nxc2 Nc5 28. Re1
Ng7 29. Bg5 Nxb3 30. Qe3 Qb2 31. Nb4 Nc5 32. Nd3 Nxd3 33. Qxd3 b4 34. Be3 Qc3
35. Qxc3 bxc3 36. Ra1 Rxe4 37. Rxa6 c2 38. Rc6 Re5 39. Rxc2 Rxd5 40. Rc8+ Kh7
41. Rf8 f5 42. Kg2 fxg4 43. hxg4 g5 44. Rf6 Ne8 45. Rf8 Ng7 46. Bc1 Kg6 47. Bb2
Rb5 48. Bc3 Rc5 49. Rf3 Kh7 50. Kg3 Rd5 51. Bb2 Rb5 52. Bf6 Rd5 53. Be7 Ne6 54.
Rf7+ Kg8 55. Rf6 Nf4 56. Rxd6 Rxd6 57. Bxd6 Nd5 58. Kf3 Kf7 59. Ke4 Ke6 60. Be5
Ne7 61. Bb2 Nd5 62. f3 Nc7 63. Bc3 Nb5 64. Bb4 Nc7 65. Bd2 Kf6 66. Be3 Nb5 67.
Kd5 Nc7+ 68. Kd6 Ne6 69. Bd2 Nf8 70. Bc3+ Kf7 71. Ke5 Ng6+ 72. Kf5 Nh4+ 73. Ke4
Ke6 74. Ba5 Kf6 75. Bd8+ Kg6 76. f4 Ng2 77. Bxg5 Ne1 78. Bh4 Nc2 79. Be7 Kf7 80.
Bc5 Ne1 81. f5 Ng2 82. Bf2 Kf6 83. Kf3 1-0

[Event "23rd Dubai Open 2023"]
[Site "Dubai UAE"]
[Date "2023.06.01"]
[Round "6.26"]
[White "Kacharava, Nikolozi"]
[Black "Saeed, Ishaq"]
[Result "0-1"]
[WhiteTitle "IM"]
[BlackTitle "IM"]
[WhiteElo "2550"]
[BlackElo "2303"]
[WhiteFideId "13611860"]
[BlackFideId "9301453"]
[EventDate "2023.05.27"]

1. e4 e5 2. Nf3 Nc6 3. d4 exd4 4. Nxd4 Qf6 5. Nf3 Bb4+ 6. c3 Bc5 7. Be2 Nge7 8.
O-O h6 9. Qc2 d6 10. b4 Bb6 11. Bb2 a5 12. b5 Ne5 13. Nbd2 N7g6 14. Nxe5 dxe5
15. Ba3 Nf4 16. Nc4 Qg5 17. Bf3 Bg4 18. Bxg4 Qxg4 19. Ne3 Bxe3 20. fxe3 Qe2 21.
Rf2 Qxe3 22. Rd1 Rd8 23. Bc1 Rxd1+ 24. Qxd1 Ne2+ 25. Qxe2 Qxc1+ 26. Qf1 Qxf1+
27. Rxf1 Ke7 28. Kf2 h5 29. Ke2 g6 30. Rb1 Rd8 31. Rf1 Ke6 32. Ke3 f5 33. Rf3
f4+ 34. Ke2 g5 35. h4 g4 36. Rf1 Rf8 37. Kf2 Rf7 38. a4 Re7 39. Ke2 Kd6 40. Rd1+
Kc5 41. Rd8 Kc4 42. Rh8 Kb3 43. Rxh5 Kxa4 44. Rg5 Kb3 45. h5 a4 46. b6 cxb6 47.
h6 Rh7 48. Rxe5 a3 49. Rb5+ Kxc3 50. Rd5 b5 51. Rxb5 Rxh6 52. Rxb7 Ra6 53. Rc7+
Kd4 54. Rd7+ Kxe4 55. Rd1 a2 56. Ra1 Ra3 57. Ke1 Ke3 58. Kf1 Kd2 59. g3 Kc2 60.
gxf4 Kb2 0-1

[Event "23rd Dubai Open 2023"]
[Site "Dubai UAE"]
[Date "2023.06.01"]
[Round "6.27"]
[White "Badelka, Olga"]
[Black "Vasquez Schroeder, Rodrigo"]
[Result "1/2-1/2"]
[WhiteTitle "IM"]
[BlackTitle "GM"]
[WhiteElo "2406"]
[BlackElo "2524"]
[WhiteFideId "13509926"]
[BlackFideId "3400042"]
[EventDate "2023.05.27"]

1. d4 d5 2. c4 e6 3. Nc3 c6 4. cxd5 exd5 5. Bf4 Bd6 6. Bxd6 Qxd6 7. e3 Bf5 8.
Nge2 Ne7 9. Ng3 Bg6 10. h4 h6 11. h5 Bh7 12. Bd3 Bxd3 13. Qxd3 Nd7 14. O-O-O
O-O-O 15. Kb1 Kb8 16. e4 dxe4 17. Ngxe4 Qc7 18. Qf3 Rhf8 19. Rhe1 Nb6 20. Nc5
Ned5 21. Nxd5 Nxd5 22. Qg4 Rg8 23. Rd3 Ka8 24. Rb3 b6 25. Nd3 Nf6 26. Qh4 Rd5
27. Nf4 Rd6 28. Ne2 Re8 29. Re3 Red8 30. Rc1 Qd7 31. Re5 Rd5 32. Ka1 Kb7 33. f4
Qg4 34. Re7+ R8d7 35. Qxg4 Nxg4 36. Rxd7+ Rxd7 37. a3 Nf6 38. Rh1 Rd5 39. Ng3
Rxd4 40. Nf5 Rxf4 41. Nxg7 Kc7 42. g3 Rf3 43. Rg1 Ng4 44. Rd1 Ne3 45. Ne8+ Kc8
46. Rd6 Ng4 47. Rd4 Ne3 48. Rd6 c5 49. Rxh6 Kd7 50. Rh8 Rxg3 51. h6 Rh3 52. h7
Nd5 53. Ng7 Ne7 54. Rf8 Rxh7 55. Rxf7 b5 56. Kb1 a5 57. Kc2 a4 58. Kc3 Rh3+ 59.
Kc2 Rh2+ 60. Kc3 Rh7 61. Kd3 Rh3+ 62. Kc2 Rh2+ 63. Kc3 Kd6 64. Nf5+ Nxf5 65.
Rxf5 Re2 66. Rf8 Re3+ 67. Kd2 Rg3 68. Rb8 Kc6 69. Kc2 Rg7 70. Kc3 Rg3+ 71. Kc2
Rb3 72. Rd8 b4 73. axb4 Rxb4 74. Rh8 Rg4 75. Rc8+ Kb5 76. Rb8+ Kc4 77. Ra8 Rg2+
78. Kb1 1/2-1/2

[Event "23rd Dubai Open 2023"]
[Site "Dubai UAE"]
[Date "2023.06.01"]
[Round "6.28"]
[White "Tiglon, Bryce"]
[Black "Ahmad, Al Khatib"]
[Result "1-0"]
[WhiteTitle "IM"]
[BlackTitle "GM"]
[WhiteElo "2494"]
[BlackElo "2344"]
[WhiteFideId "2087456"]
[BlackFideId "8103178"]
[EventDate "2023.05.27"]

1. e4 c6 2. d4 d5 3. e5 Bf5 4. Nf3 e6 5. Be2 Ne7 6. c3 Nd7 7. O-O Ng6 8. Ne1 h5
9. f4 c5 10. Nc2 Bxc2 11. Qxc2 Nh4 12. Bd3 c4 13. Be2 Nf5 14. Bd1 Be7 15. Qf2 b5
16. Bc2 g6 17. Nd2 Qb6 18. Nf3 a5 19. a3 a4 20. Bd2 O-O-O 21. g3 Rdf8 22. Qe2
Nb8 23. Rad1 Nc6 24. Kg2 Nd8 25. Be1 Rfg8 26. Qd2 f6 27. Bf2 Nf7 28. exf6 Bxf6
29. Rde1 Re8 30. h3 Rhg8 31. g4 hxg4 32. hxg4 N5d6 33. Ng5 Nxg5 34. fxg5 Bd8 35.
Bg3 Qc6 36. Be5 Ne4 37. Bxe4 dxe4 38. Qe3 Rgf8 39. Bf6 Bc7 40. Qxe4 Qxe4+ 41.
Rxe4 Kd7 42. Rh1 Rf7 43. Rhe1 Rff8 44. R4e2 Bd6 45. Re3 Bf4 46. Rf3 Bd6 47. Rh3
Rf7 48. Rh6 Rg8 49. Reh1 Kc6 50. Rh8 Rxh8 51. Rxh8 Kd5 52. Rd8 Kc6 53. Rg8 Rh7
54. Rxg6 Rh2+ 55. Kf3 Rxb2 56. Rh6 b4 57. cxb4 Kd5 58. g6 Rb3+ 59. Kf2 Ke4 60.
g7 Rb2+ 61. Kf1 Rb1+ 62. Ke2 Rb2+ 63. Kd1 Bf4 64. Rh3 c3 65. Rxc3 Rd2+ 66. Ke1
Ra2 67. g8=Q Bd2+ 68. Kd1 1-0

[Event "23rd Dubai Open 2023"]
[Site "Dubai UAE"]
[Date "2023.06.01"]
[Round "6.29"]
[White "Laddha, Shubh Jayesh"]
[Black "Erdogmus, Yagiz Kaan"]
[Result "1/2-1/2"]
[WhiteTitle "FM"]
[BlackTitle "IM"]
[WhiteElo "2397"]
[BlackElo "2470"]
[WhiteFideId "30942799"]
[BlackFideId "44599790"]
[EventDate "2023.05.27"]

1. d4 Nf6 2. Nc3 d5 3. Bf4 c5 4. e4 Nxe4 5. Nxe4 dxe4 6. dxc5 Qa5+ 7. c3 Qxc5 8.
Qa4+ Nc6 9. Qxe4 g6 10. Nf3 Bg7 11. Rd1 O-O 12. Be3 Qf5 13. Qxf5 Bxf5 14. Be2
Be6 15. a3 b6 16. O-O Na5 17. Rfe1 Bc4 18. Bd4 e6 19. Bxg7 Kxg7 20. Ne5 Bxe2 21.
Rxe2 Nb3 22. Re3 Nc5 23. Re2 Nb3 24. Re3 Nc5 25. Re2 Nb3 26. Re3 Nc5 1/2-1/2

[Event "23rd Dubai Open 2023"]
[Site "Dubai UAE"]
[Date "2023.06.01"]
[Round "6.30"]
[White "Uskov, Artem"]
[Black "Rios, Cristhian Camilo"]
[Result "1/2-1/2"]
[WhiteTitle "IM"]
[BlackTitle "GM"]
[WhiteElo "2367"]
[BlackElo "2469"]
[WhiteFideId "34254854"]
[BlackFideId "4403940"]
[EventDate "2023.05.27"]

1. e4 c5 2. Nf3 Nc6 3. Bb5 g6 4. O-O Bg7 5. c3 e5 6. d4 cxd4 7. cxd4 exd4 8. Bf4
Nge7 9. Bd6 O-O 10. Na3 a6 11. Ba4 b5 12. Bb3 Na5 13. Rc1 Nxb3 14. Qxb3 Bb7 15.
Bc7 Qc8 16. Bd6 Qd8 17. Bc7 Qc8 18. Bd6 Qd8 19. Bc7 Qc8 1/2-1/2

[Event "23rd Dubai Open 2023"]
[Site "Dubai UAE"]
[Date "2023.06.01"]
[Round "6.31"]
[White "Averin, Nikolay"]
[Black "Batchuluun, Tsegmed"]
[Result "1/2-1/2"]
[WhiteTitle "FM"]
[BlackTitle "GM"]
[WhiteElo "2259"]
[BlackElo "2466"]
[WhiteFideId "24250473"]
[BlackFideId "4900847"]
[EventDate "2023.05.27"]

1. e4 e5 2. Nf3 Nc6 3. Bb5 a6 4. Ba4 Nf6 5. O-O Nxe4 6. d4 b5 7. Bb3 d5 8. dxe5
Be6 9. c3 Be7 10. Nbd2 Nc5 11. Bc2 d4 12. Nb3 d3 13. Nxc5 dxc2 14. Qxd8+ Rxd8
15. Nxe6 fxe6 16. Be3 Rd5 17. Rac1 Nxe5 18. Nxe5 Rxe5 19. Rxc2 c5 20. Rd1 Rf8
21. Rcd2 h5 22. h3 Rff5 23. Rd3 Rd5 24. Kf1 Rxd3 25. Rxd3 Rd5 26. Ke2 Kd7 27. g4
hxg4 28. hxg4 Kc6 29. f3 c4 30. Rxd5 Kxd5 1/2-1/2

[Event "23rd Dubai Open 2023"]
[Site "Dubai UAE"]
[Date "2023.06.01"]
[Round "6.32"]
[White "Winkelman, Albert"]
[Black "Panda, Sambit"]
[Result "1-0"]
[WhiteTitle "FM"]
[BlackTitle "IM"]
[WhiteElo "2227"]
[BlackElo "2436"]
[WhiteFideId "3219941"]
[BlackFideId "25091794"]
[EventDate "2023.05.27"]

1. e4 e6 2. d4 d5 3. e5 c5 4. c3 Nc6 5. Nf3 Nh6 6. Bd3 Nf5 7. O-O cxd4 8. b4
dxc3 9. b5 Ncd4 10. Nxd4 Nxd4 11. Nxc3 g6 12. Be3 Nf5 13. Bxf5 gxf5 14. Qh5 Bd7
15. a4 Bg7 16. Bg5 Qb6 17. Rfe1 Rc8 18. Nd1 h6 19. Bh4 Rc4 20. Bf6 Bxf6 21. exf6
Re4 22. Nc3 Rxe1+ 23. Rxe1 Qa5 24. Rc1 d4 25. Nd5 exd5 26. Qe2+ Be6 27. Rc8+ Kd7
28. Rxh8 Qc3 29. h3 d3 30. Qe3 d4 31. Qxh6 Qe1+ 32. Kh2 Qxf2 33. Qc1 Qc2 34. Qa3
Kc7 35. a5 Qe2 36. Qc5+ 1-0

[Event "23rd Dubai Open 2023"]
[Site "Dubai UAE"]
[Date "2023.06.01"]
[Round "6.33"]
[White "Zou, Chen"]
[Black "Yeganegi, Barad"]
[Result "1-0"]
[WhiteTitle "IM"]
[WhiteElo "2413"]
[BlackElo "2205"]
[WhiteFideId "8610959"]
[BlackFideId "42516340"]
[EventDate "2023.05.27"]

1. d4 d5 2. c4 dxc4 3. Nf3 Nf6 4. e3 e6 5. Bxc4 c5 6. O-O a6 7. b3 Nbd7 8. Bb2
Be7 9. dxc5 Nxc5 10. Qxd8+ Bxd8 11. Nbd2 b6 12. Be2 Bb7 13. Rac1 O-O 14. Nc4
Nce4 15. Nd4 b5 16. Ne5 Bb6 17. Rfd1 Rfe8 18. a4 bxa4 19. bxa4 Bd5 20. Ba3 h6
21. h3 g6 22. Rc2 Kg7 23. Rdc1 Ba5 24. Bb2 Kg8 25. Ndc6 Bd2 26. Rd1 Bb3 27.
Rcxd2 Nxd2 28. Rxd2 Bxa4 29. Rd6 a5 30. Nxg6 Nd5 31. Nge5 Rac8 32. Bh5 Rc7 33.
Nxa5 Nf6 34. Bxf7+ Rxf7 35. Nxf7 Kxf7 36. Bxf6 Kxf6 37. Rd4 Bb5 38. Rf4+ Ke7 39.
Nc4 Rg8 40. Ne5 Rg5 41. Nf3 Rg6 42. Rg4 Rxg4 43. hxg4 Kf6 44. Kh2 Bd3 45. Kg3 e5
46. Nh4 Bh7 47. f4 exf4+ 48. exf4 Be4 49. Nf3 Kg6 50. g5 hxg5 51. Nxg5 Bd5 52.
Nf3 Kf5 53. Nh4+ Kf6 54. Kh3 Bb7 55. g4 Bc8 56. Kg3 Bd7 57. Kf3 Bc6+ 58. Ke3 Bd7
59. g5+ Kg7 60. f5 Kf7 61. Kf4 Kg7 62. Ke5 Be8 63. f6+ Kg8 64. g6 Kf8 65. g7+
Kg8 66. Nf5 Kh7 67. Nh6 1-0

[Event "23rd Dubai Open 2023"]
[Site "Dubai UAE"]
[Date "2023.06.01"]
[Round "6.34"]
[White "Chernobay, Artem"]
[Black "Tissir, Mohamed"]
[Result "0-1"]
[WhiteTitle "GM"]
[BlackTitle "IM"]
[WhiteElo "2484"]
[BlackElo "2354"]
[WhiteFideId "4167406"]
[BlackFideId "9000240"]
[EventDate "2023.05.27"]

1. e4 c5 2. Nf3 d6 3. d4 cxd4 4. Nxd4 Nf6 5. Nc3 e6 6. g4 a6 7. g5 Nfd7 8. h4
Nc6 9. Be3 Be7 10. Qd2 O-O 11. O-O-O Nde5 12. Be2 b5 13. Nxc6 Nxc6 14. a3 b4 15.
axb4 Nxb4 16. Kb1 d5 17. h5 Qa5 18. Bd4 dxe4 19. g6 h6 20. gxf7+ Rxf7 21. Bc4
Nc6 22. Be3 Rb8 23. Bb3 Qe5 24. Rdg1 Kh7 25. Rg6 Bf8 26. Rh4 Rb4 27. Rgg4 a5 28.
Rxe4 Rxe4 29. Nxe4 Rd7 30. Qe2 Nb4 31. Qg4 Qf5 32. c3 Nd5 33. Bd4 Qxg4 34. Rxg4
Rf7 35. Bc2 Kg8 36. Rg1 Kh8 37. Ng3 e5 38. Bg6 Rf6 39. Bxe5 Rxf2 40. Ne4 Bf5 41.
Ka2 Rf3 42. Nd2 Rf2 43. Bd4 Rf4 44. Nc4 Be6 45. Bd3 Nb4+ 46. Ka1 Nxd3 47. Nxa5
Rf5 48. b4 Rxh5 49. Nc6 Rh2 50. Rd1 Nb2 51. Re1 Bf7 52. b5 Nd3 53. Rd1 Nc5 54.
Ne5 Nb3+ 55. Kb1 Bh5 56. Rg1 Ba3 57. Nc4 Bf8 58. b6 Bf3 59. Re1 Bd5 60. Ne3 Be4+
61. Nc2 Bxc2+ 62. Kb2 Bd1+ 0-1

[Event "23rd Dubai Open 2023"]
[Site "Dubai UAE"]
[Date "2023.06.01"]
[Round "6.35"]
[White "Raja, Rithvik R"]
[Black "Liyanage, Ranindu Dilshan"]
[Result "0-1"]
[WhiteTitle "GM"]
[BlackTitle "FM"]
[WhiteElo "2476"]
[BlackElo "2342"]
[WhiteFideId "35007394"]
[BlackFideId "9915834"]
[EventDate "2023.05.27"]

1. c4 e6 2. Nc3 d5 3. d4 Nf6 4. cxd5 exd5 5. Bg5 Bb4 6. e3 h6 7. Bh4 g5 8. Bg3
Ne4 9. a3 Bxc3+ 10. bxc3 h5 11. f3 Nxg3 12. hxg3 Nc6 13. Bd3 Qe7 14. g4 h4 15.
Nh3 Bd7 16. Kd2 Na5 17. Qb1 b6 18. Re1 O-O-O 19. Ra2 f6 20. Qb4 c5 21. dxc5 Qxc5
22. Kc1 Rhe8 23. Rb2 Nc6 24. Qxc5 bxc5 25. Ba6+ Kc7 26. Rb7+ Kd6 27. Bb5 Ne5 28.
Be2 c4 29. Kd2 Nc6 30. Bd1 Rb8 31. Rxb8 Rxb8 32. Bc2 Rb2 33. Ra1 Na5 34. Kc1 Rb6
35. Rb1 Nb3+ 36. Kd1 Ra6 37. a4 Rxa4 38. Nf2 Ra2 39. f4 Nc5 40. Kc1 Nd3+ 0-1

[Event "23rd Dubai Open 2023"]
[Site "Dubai UAE"]
[Date "2023.06.01"]
[Round "6.36"]
[White "Sibashvili, Giorgi"]
[Black "Gajcin, Marina"]
[Result "1-0"]
[WhiteTitle "IM"]
[BlackTitle "WIM"]
[WhiteElo "2408"]
[BlackElo "2256"]
[WhiteFideId "13602799"]
[BlackFideId "949086"]
[EventDate "2023.05.27"]

1. Nf3 Nf6 2. b3 g6 3. Bb2 Bg7 4. g3 O-O 5. Bg2 d5 6. c4 c6 7. O-O Bf5 8. Nc3 d4
9. Na4 Ne8 10. b4 e5 11. Qb3 Nd6 12. d3 Nd7 13. e3 Bxd3 14. Qxd3 e4 15. Qc2 exf3
16. Bxf3 Ne5 17. Be2 b5 18. Bxd4 Nexc4 19. Bxg7 Kxg7 20. Nb2 Nxb2 21. Qxb2+ Qf6
22. Qxf6+ Kxf6 23. Rfc1 Rfc8 24. a4 bxa4 25. Rxa4 Rab8 26. Bf3 Nb5 27. Rxc6+
Rxc6 28. Bxc6 Rb6 29. Bxb5 Rxb5 30. Kf1 h5 31. Ke2 Rb7 32. Kd3 Rc7 33. Ra6+ Kg5
34. f3 h4 35. Ra5+ f5 36. e4 h3 37. exf5 Rd7+ 38. Ke3 gxf5 39. g4 Re7+ 40. Kf2
Rb7 41. Rxf5+ Kg6 42. b5 Rd7 43. Kg3 Rh7 44. Rh5 Rf7 45. Rxh3 1-0

[Event "23rd Dubai Open 2023"]
[Site "Dubai UAE"]
[Date "2023.06.01"]
[Round "6.37"]
[White "Alothman, Ali Layth Ahmed"]
[Black "Farahat, Ali"]
[Result "0-1"]
[WhiteTitle "FM"]
[BlackTitle "IM"]
[WhiteElo "2224"]
[BlackElo "2361"]
[WhiteFideId "4801920"]
[BlackFideId "10600507"]
[EventDate "2023.05.27"]

1. d4 Nf6 2. c4 g6 3. Nc3 d5 4. cxd5 Nxd5 5. e4 Nxc3 6. bxc3 Bg7 7. Nf3 c5 8.
Be2 Nc6 9. Be3 cxd4 10. cxd4 Qa5+ 11. Bd2 Qd8 12. d5 Ne5 13. Rc1 O-O 14. Nxe5
Bxe5 15. O-O e6 16. Bb4 Re8 17. f4 Bd6 18. Bc3 exd5 19. exd5 Bf5 20. Kh1 Rc8 21.
Bd3 Re3 22. Bxf5 Rcxc3 23. Rxc3 Rxc3 24. Qd2 Qc7 25. Bg4 Bxf4 26. Qe2 Rc1 27.
Rxc1 Qxc1+ 28. Qd1 Qc4 29. Bf3 Bd6 30. Qe2 Qc1+ 31. Qd1 Qh6 32. Qg1 Qf4 33. Bd1
h5 34. g3 Qe4+ 35. Qg2 Qd4 36. Be2 h4 37. gxh4 Qxh4 38. h3 Qf4 39. Kg1 Qe3+ 40.
Kh1 Qe5 41. Kg1 Kg7 42. Bf1 Qc3 43. Kh1 a5 44. Qe2 f5 45. Qg2 Qd4 46. Be2 Qa1+
47. Bf1 b5 48. Qe2 b4 49. Kg2 Qc3 50. Qd3 Qe5 51. Kf3 a4 52. Qc4 b3 53. axb3 a3
54. Bd3 a2 0-1

[Event "23rd Dubai Open 2023"]
[Site "Dubai UAE"]
[Date "2023.06.01"]
[Round "6.38"]
[White "Al Qudaimi, Basheer"]
[Black "Mandura, Tijana"]
[Result "1-0"]
[WhiteTitle "IM"]
[BlackTitle "WIM"]
[WhiteElo "2401"]
[BlackElo "2203"]
[WhiteFideId "9400346"]
[BlackFideId "16500270"]
[EventDate "2023.05.27"]

1. e4 c6 2. d4 d5 3. e5 c5 4. dxc5 e6 5. Nf3 Bxc5 6. Bd3 Ne7 7. O-O Ng6 8. a3
O-O 9. b4 Be7 10. Re1 a5 11. b5 Nd7 12. Nbd2 Nc5 13. Bxg6 fxg6 14. a4 Rf4 15. c3
Nd3 16. Re3 Nxc1 17. Qxc1 Bd7 18. Rd3 Rc8 19. g3 Rf7 20. Qd1 Qb6 21. Qe2 Bc5 22.
Kg2 Be8 23. c4 g5 24. h3 Rf8 25. cxd5 exd5 26. e6 h5 27. Rf1 g4 28. hxg4 hxg4
29. Ng5 Rf5 30. Qxg4 Bg6 31. Rf3 Rcf8 32. Rxf5 Bxf5 33. Qh5 Bd3 34. Ndf3 Bxf1+
35. Kxf1 Rxf3 36. Qxf3 Qd8 37. Qf7+ Kh8 38. Qh5+ 1-0